00691nam a2200205 a 450000100060000000300080000600500170001400800410003103500190007204000270009104100080011808200230012610000330014924500760018226000560025830000320031450400480034660000530039465000380044763021BD-RjUL20211209081142.0170128s1986 caua b 001 0 eng d a(BD-RjUL)63149 aDLCcDLCdBD-RjULbeng aeng a895.6224bHAZ 19861 aHare, Thomas Blenman,d1952-10aZeami's style :bthe noh plays of Zeami Motokiyo /cThomas Blenman Hare aStanford, Calif :bStanford University Press,c1986 axii, 319 p. :bill ;c24 cm aIncludes Bibliography: p. 301-308 and index00aZeami,d1363-1443xCriticism and interpretation. 0aNò„ playsxHistory and criticism